| 000 | 00871nam a2200253 a 4500 | ||
|---|---|---|---|
| 001 | BRCA_815 | ||
| 005 | 20190320203148.0 | ||
| 008 | 850308s1986 nyua---##b---#001-0#eng-# | ||
| 020 | _a0385231849 | ||
| 040 |
_aDLC _cDLC _dDLC |
||
| 041 | _aengfre | ||
| 050 | 4 |
_aNK5306 _b.B75 1986 |
|
| 100 | 1 |
_aBrisac, Catherine _91060 |
|
| 245 | 1 | 0 |
_aA Thousand Years of Stained Glass _cCatherine Brisac ; translated from the French by Geoffrey Culverwell ; photographs by Yukichi Watabe. |
| 260 |
_aGarden City, Nueva York _bDoubleday _c1986 |
||
| 300 |
_a199 p. _bil. (algunas a color) _c32 cm. |
||
| 500 | _aIncluye índice de ilustraciones y glosario | ||
| 500 | _aTraducción de : Le vitrail | ||
| 504 | _aBibliografía : p. 195-198 | ||
| 650 | 1 | 4 |
_aVitrales _xHistoria _92712 |
| 700 | 1 |
_aWatabe, Yukichi _d1924- _92713 |
|
| 700 | 1 |
_aCulverwell, Geoffrey _92714 |
|
| 942 |
_2lcc _cB |
||
| 999 |
_c710 _d710 |
||